000 00494nam a2200169 i 4500
001 169916
003 ES-MaACL
005 20230906214234.0
008 081219s1991 sp |||| | spa d
017 _aAS 453-1991
080 _a821.134.2-14"19"
100 0 _aCampal, José Luis.
_934109
245 1 0 _aCatálogo de infiernos /
_cJosé Luis Campal.
260 _aLaviana :
_bComisión de Cultura,
_c1991 (
_fGoymar)
300 _a[12] p. ;
_c21 cm.
852 4 _aES-MaACL
_j2244-F19
_9R.119348
999 _c169916
_d169916